000 00471nam a2200181Ia 4500
001 9338
005 20260306161711.0
008 260306t2007||||xx |||||||||||||| ||spa||
041 _aESP
082 _a378.103
_bA21
100 _aAcosta Sanabria, Rafael
_eAUT
245 0 _aLa formación social en la universidad:
_bclaves para una acción eficaz
260 _c2007
300 _a112 páginas :
_c21 cm.
650 _aGEN
654 _aCED
942 _cLIB
_dJUS
_fJUS
_2ddc
_n
999 _c9338
_d9338